000 00490nam a2200169Ia 4500
005 20240823024026.0
008 240823s9999||||xx |||||||||||||| ||und||
020 _a0-939773-48-1
041 _aENGLISH
082 _A623.87 P6
100 _aAlan L Rowen et al.
245 0 _aIntroduction to Practical Marine Engineering
260 _c2006
_bThe Society of Naval Architectures and Marine Engi
_a"Jersey City,NJ"
500 _aYES
650 _aMarine engineering
_bMarine
942 _cBK
999 _c182941
_d182941